I nemocnice chtějí dobrý design
Výroba a propagácia sofistikovaných a nadštandardných výrobkov v spoločnosti Linet v Českej republike. Využitie nemocničného lôžka Multicare. Dizajn a vlastnosti lôžka prispôsobené zdravotným sestrám. Národná cena za dizajn. Prvoradá vastnosť - funkčnosť lôžka. Prezentácia nových výrobkov spoločnost...
Saved in:
| Main Author: | |
|---|---|
| Format: | Book Chapter |
| Language: | Czech |
| Subjects: | |
| Tags: |
No Tags, Be the first to tag this record!
|
MARC
| LEADER | 00000naa$a2200000$$$4500 | ||
|---|---|---|---|
| 001 | 0062712 | ||
| 005 | 20231016105800.2 | ||
| 041 | 0 | |a cze | |
| 044 | |a CZ | ||
| 245 | 1 | 0 | |a I nemocnice chtějí dobrý design |c Tomáš Kolář |
| 520 | |a Výroba a propagácia sofistikovaných a nadštandardných výrobkov v spoločnosti Linet v Českej republike. Využitie nemocničného lôžka Multicare. Dizajn a vlastnosti lôžka prispôsobené zdravotným sestrám. Národná cena za dizajn. Prvoradá vastnosť - funkčnosť lôžka. Prezentácia nových výrobkov spoločnosti Linet na svetovej prehliadke výrobkov pre zdravotníctvo v Nemecku. | ||
| 610 | 2 | 0 | |a dizajn |
| 610 | 2 | 0 | |a zdravotníctvo |
| 610 | 2 | 0 | |a nemocnice |
| 610 | 2 | 0 | |a technika |
| 610 | 2 | 0 | |a zariadenia zdravotnícke |
| 100 | 1 | |a Kolář, Tomáš | |